000 00444cam a2200157ua 4500
041 _aeng
_h
082 _a823.308
_bSAR/OR
100 _aSargunam, M J .
245 _aOrient Longman`s new supplementary readers: The slave and the lion and other stories /
_cM J Sargunam.
_hTextual Documents
250 _a1 /
_b.
260 _aLondon :
_bOrient-Longman Ltd ,
_c1963.
300 _a36 ; .
504 _a
942 _cBK
999 _c7868
_d7868